| Record ID | marc_loc_2016/BooksAll.2016.part35.utf8:70064636:870 |
| Source | Library of Congress |
| Download Link | /show-records/marc_loc_2016/BooksAll.2016.part35.utf8:70064636:870?format=raw |
LEADER: 00870cam a22002893a 4500
001 2007583769
003 DLC
005 20080528083835.0
008 070517s2007 nyu 000 f eng
042 $alccopycat
010 $a 2007583769
035 $a(OCoLC)ocn137222321
040 $aUKM$cUKM$dBAKER$dOCLCQ$dLIQ$dDLC
015 $aGBA739872$2bnb
016 7 $a013752328$2Uk
020 $a9780505527066 (pbk.)
020 $a0505527065 (pbk.)
035 $a(OCoLC)137222321
050 00 $aCPB Box no. 2684 vol. 6
100 1 $aWebber, Minda.
245 14 $aThe reinvented Miss Bluebeard /$cMinda Webber.
260 $aNew York :$bDorchester Pub.,$c2007.
300 $a310 p. ;$c18 cm.
490 0 $aLove Spell paranormal romance
655 7 $aLove stories.$2gsafd
655 7 $aFantasy fiction.$2gsafd
710 2 $aCopyright Paperback Collection (Library of Congress)$5DLC